Home Print Resources E-Books E-Journals IIMT Lecture Series Library Membership Form Book Recommendation Form Campus Tour Take AdmissionAbout Us Contact Us

Understanding Financial Statements (Record no. 8658)

000 -LEADER
fixed length control field 00338nam a2200145Ia 4500
003 - CONTROL NUMBER IDENTIFIER
control field OSt
005 - DATE AND TIME OF LATEST TRANSACTION
control field 20240307144831.0
008 - FIXED-LENGTH DATA ELEMENTS--GENERAL INFORMATION
fixed length control field 170524s9999 xx 000 0 und d
020 ## - INTERNATIONAL STANDARD BOOK NUMBER
International Standard Book Number 978-0133874037
040 ## - CATALOGING SOURCE
Transcribing agency IIMT
100 ## - MAIN ENTRY--PERSONAL NAME
Personal name Fraser- L M
245 #0 - TITLE STATEMENT
Title Understanding Financial Statements
260 ## - PUBLICATION, DISTRIBUTION, ETC.
Name of publisher, distributor, etc. NEW DELHI : PHI
942 ## - ADDED ENTRY ELEMENTS (KOHA)
Source of classification or shelving scheme
Koha item type Book Bank
Holdings
Withdrawn status Lost status Source of classification or shelving scheme Damaged status Not for loan Home library Current library Date acquired Barcode Date last seen Uniform Resource Identifier Price effective from Koha item type
          IIMT University Central Library Meerut IIMT University Central Library Meerut 06/01/2017 01-B-91859 06/01/2017 Financial Accounting 06/01/2017 Book Bank
          IIMT University Central Library Meerut IIMT University Central Library Meerut 06/01/2017 01-B-91860 06/01/2017 Financial Accounting 06/01/2017 Book Bank
          IIMT University Central Library Meerut IIMT University Central Library Meerut 06/01/2017 01-B-91861 06/01/2017 Financial Accounting 06/01/2017 Book Bank
          IIMT University Central Library Meerut IIMT University Central Library Meerut 06/01/2017 01-B-91862 06/01/2017 Financial Accounting 06/01/2017 Book Bank
          IIMT University Central Library Meerut IIMT University Central Library Meerut 06/01/2017 01-B-91863 06/01/2017 Financial Accounting 06/01/2017 Book Bank
IIMT, Central Library. All Rights Reserved IIMT,UNIVERSITY © 2023
Implemented and Customised by I CLOUDE EMS
You Are OPAC Visitor No
free web counter

Powered by Koha